| 000 | 00457nam a2200181Ia 4500 | ||
|---|---|---|---|
| 003 | OSt | ||
| 005 | 20230522144452.0 | ||
| 008 | 210423s2000 xx 000 0 und d | ||
| 040 | _cAL | ||
| 041 | _aeng | ||
| 082 |
_a303.484 _223 _bRAOS |
||
| 100 |
_aRAO (M S A),Ed. _9110349 |
||
| 245 | _aSocial movement in india. | ||
| 260 |
_aNew Delhi _bManohar Publications _c2000 |
||
| 365 |
_b150 _cINR |
||
| 906 | _aindia. ; movement ; Social | ||
| 942 |
_2ddc _cBK |
||
| 999 |
_c172681 _d172681 |
||